000 01473nam a22003977a 4500
003 CHAP
005 20240502085829.0
008 100316s2008 mx a r 00010 spa d
010 _a97761
011 _a98733
020 _a9789688107478
035 _a109418
040 _cCHAP
082 1 4 _a327.17
_bC73
110 1 _aComisión Mexicana para la Cooperación con Centroamérica
_925753
245 1 3 _aLa cooperación mexicana con Centroamérica y el Caribe 2006
_c/por Comisión Mexicana para la Cooperación con Centroamérica y el Caribe
260 _aMéxico, D. F. :
_bSRE,
_c2008
300 _a83 p. :
_bilus. + 1 CD (4 3/4 plg.)
590 _aBATCH-UPD
_b10
_c20130110
590 _aBATCH-UPD
_b10
_c20130410
590 _aBATCH-UPD
_b10
_c20130914
590 _aCONVERSION
_b10
_c20130109
650 0 4 _aRelaciones económicas internacionales.
_995813
650 1 4 _aAmerica Central
_xCondiciones economicas.
_95371
650 1 4 _aAmérica Central
_xIntegración económica.
_95375
650 1 4 _aAmerica Central
_xPolitica y gobierno.
_95376
650 1 4 _aAmerica Central
_xRelaciones exteriores
_xMexico.
_95378
650 1 4 _aConvenios internacionales.
_927657
650 1 7 _aCooperación internacional
_927771
650 1 4 _aProyectos de desarrollo.
_992528
650 1 4 _aRelaciones internacionales.
_995822
901 _aBK
911 _aen proceso
942 _cLIBRO
_2ddc
949 _a327.17 C73
_bBC
_cLIBRO
_d33724002112439
_eLIBRO
_gI.c/e
_h112090
_i109418
_sb
999 _c97761
_d97761